000 00774nam a2200241Ia 4500
003 OSt
005 20220925215311.0
006 a|||||r|||| 00| 0
007 ta
008 220923b |||||||| |||| 00| 0 eng d
037 _cGeneral Book
040 _aRTL
_cRTL
_beng
041 _2eng
_aeng
082 _aX:(B).3.N7, L5
100 _aRenton G A Ed.
_9282522
245 0 _aModelling the economy
_b Based on papers presented
260 _aLondon
_bHeinemann UK
_c1975
300 _axi,676p
_ccm.
490 _aSocial Science Research Council Publication. national Institute Of Economic And Social Research, Publication
650 _aMathametical Economics
942 _hX:(B).3.N7, L5
_cGB
_2CC
999 _c568413
_d568413